| Tag |
First Indicator |
Second Indicator |
Subfields |
| LEADER |
00000cam a2200000 4500 |
| 001 |
in00000022512 |
| 005 |
20151007064026.0 |
| 008 |
760204s1919 mx 00111 spam |
| 010 |
|
|
|a 29018630
|
| 035 |
|
|
|a (OCoLC)01967334
|
| 035 |
|
|
|9 AAD8866AM
|
| 040 |
|
|
|a DLC
|c FXG
|d FXG
|d TXA
|d UtOrBLW
|
| 049 |
|
|
|a TXAM
|c [227418]
|
| 050 |
0 |
0 |
|a PQ7297.L67
|b F8
|
| 092 |
|
|
|a 863
|b L8646f
|
| 100 |
1 |
|
|a López-Portillo y Rojas, José,
|d 1850-1923.
|
| 245 |
1 |
0 |
|a Fuertes y debiles :
|b novela /
|c por Jose Lopez-Portillo y Rojas.
|
| 264 |
|
1 |
|a Mexico,D.F. :
|b "Libreria espanola",
|c [1919]
|
| 300 |
|
|
|a 4 pages ., 523 pages, 2 . ;
|c 21 cm.
|
| 336 |
|
|
|a text
|b txt
|2 rdacontent
|
| 337 |
|
|
|a unmediated
|b n
|2 rdamedia
|
| 338 |
|
|
|a volume
|b nc
|2 rdacarrier
|
| 999 |
|
|
|a MARS
|
| 999 |
f |
f |
|s 0bbcb93c-a2c7-36c4-ab52-67c1a4fdb1c7
|i 22710f92-f648-3edc-bf93-300a9a1cbb02
|t 0
|
| 952 |
f |
f |
|p ric
|a Texas A&M University
|b Rellis Campus
|c Joint Library Facility
|d Remote Storage
|t 0
|e PQ7297.L67 F8
|h Library of Congress classification
|i unmediated -- volume
|m A14801384682
|
| 998 |
f |
f |
|a PQ7297.L67 F8
|t 0
|l Remote Storage
|